000
00190 a2200097 4500
020
_a
9781546180227
041
_a
eng
100
_a
Bayron, Kalynn
245
_a
Sleep in the death
942
_c
BK
999
_c
31332
_d
31330